| 000 | 00885nam a2200277Ia 4500 | ||
|---|---|---|---|
| 003 | OSt | ||
| 005 | 20221005084931.0 | ||
| 006 | a|||||r|||| 00| 0 | ||
| 007 | ta | ||
| 008 | 221004b |||||||| |||| 00| 0 eng d | ||
| 020 |
_a9781108434829 (pbk) _cUKP 19.99 |
||
| 024 | _a44328 | ||
| 037 |
_bBBS/85, 22/02/2019, Better Book Service _cTextual |
||
| 040 |
_aCRL _cCRL _beng |
||
| 041 |
_2eng _aeng |
||
| 082 | _aU25, Q8 | ||
| 100 | _aArmitage David Ed. | ||
| 245 | 0 | _aOceanic histories | |
| 260 |
_aNew York _bCambridge University Press USA _c2018 |
||
| 300 |
_ax,328p. _ccm. |
||
| 650 |
_aOCEAN _9613703 |
||
| 700 |
_a Bashford Alison Ed. _9613704 |
||
| 700 |
_a Sivasundaram Sujit Ed. _9613705 |
||
| 942 |
_hU25, Q8 _cTEXL _2cc |
||
| 999 |
_c993303 _d993303 |
||